Morris goes to school / by B. Wiseman.
Available copies
- 1 of 1 copy available at LARL/NWRL Consortium. (Show)
- 1 of 1 copy available at Northwest Regional Library.
Current holds
0 current holds with 1 total copy.
View other formats and editions
Show All Copies
| Location | Call Number / Copy Notes | Barcode | Shelving Location | Status | Due Date |
|---|---|---|---|---|---|
| Warroad Public Library | e WIS (Text) | 35500004547855 | Main | Available | - |
Record details
- ISBN: 0060265485
- Physical Description: 64 p. illus. 23 cm.
- Publisher: New York, Harper & Row 1970
Search for related items by subject
| Subject: | Moose > Fiction. |
Search for related items by series
| LDR | 00950cam a2200253 4500 | ||
|---|---|---|---|
| 001 | 1084 | ||
| 003 | LARL_NWRL_CONSORTIUM | ||
| 005 | 20190128155120.0 | ||
| 008 | 700504s1970 nyua j 000 1 eng | ||
| 035 | . | ‡a(OCoLC)69565 | |
| 020 | . | ‡a0060265485 | |
| 082 | . | ‡a[E] | |
| 092 | . | ‡aE ‡bW | |
| 092 | . | ‡aER | |
| 100 | 1 | . | ‡aWiseman, Bernard. ‡0(LARL_NWRL_CONSORTIUM)55632 |
| 245 | 1 | 0. | ‡aMorris goes to school / ‡cby B. Wiseman. |
| 260 | . | ‡aNew York, ‡bHarper & Row ‡c1970 | |
| 300 | . | ‡a64 p. ‡billus. ‡c23 cm. | |
| 490 | 0 | . | ‡aI can read! Level 1 |
| 650 | 0. | ‡aMoose ‡vFiction. | |
| 901 | . | ‡a1084 ‡bOCLC ‡c1084 ‡tbiblio | |

Add to basket
Permalink
Disable Highlighting